Statistics for Played With Who? NHL Edition

Click here to take the quiz!

General Stats

  • This quiz has been taken 4 times
  • The average score is 1 of 10

Answer Stats

PlayersAnswer% Correct
Ilya Kovulchuk, Connor McDavid, Dustin Byfuglien, Zach HymanEvander Kane
50%
Jake Geuntzel, Craig Anderson, Joe Pavelski, Mark StoneErik Karlsson
25%
Todd Ewen , Peter Foresberg, Erik Johnson, Steve SullivanPaul Kariya
25%
Mark Messier, Brian Leetch, Brett Hull, Chris ProngerWayne Gretzky
25%
Patrick Stefan, Jason Spezza, Nick Folingo, Niklas BackstromDany Heatley
0%
Alexander Ovechkin, Carey Price, Dany Heatley, Drew DoughtyIlya Kovulchuk
0%
Zedano Chara, Jamie Benn, Patrick Elias, Mikael BacklundJaromir Jagr
0%
Zach Bagosian, Mark Stone, Phil Kessel, Sidney CrosbyMarc-Andre Flurey
0%
Jacob Trouba, Boone Jenner, Mason Appleton, Connor HellebyukPatrick Laine
0%
John Tavares, Vladimir Tarasenko, Roman Josi, Justin HollRyan O'Reilly
0%

Score Distribution

Percentile by Number Answered

Percent of People with Each Score

Your Score History

You have not taken this quiz